Nomeie um Município do Rio Grande do Sul A-Z - Statistics

Estatísticas Gerais
  • Esse quiz foi jogado 596 vezes
  • A pontuação média é 16 de 23
Estatísticas das Respostas
Letra Municípios % Correto
C Caçapava do Sul | Cacequi | Cachoeira do Sul | +66
98%
P Paim Filho | Palmares do Sul | Palmeira das Missões | +40
95%
A Aceguá | Água Santa | Agudo | +26
90%
S Sagrada Família | Saldanha Marinho | Salto do Jacuí | +80
90%
G Garibaldi | Garruchos | Gaurama | +13
87%
E Eldorado do Sul | Encantado | Encruzilhada do Sul | +17
85%
B Bagé | Balneário Pinhal | Barão | +26
84%
N Não-Me-Toque | Nicolau Vergueiro | Nonoai | +21
79%
T Tabaí | Tapejara | Tapera | +30
79%
V Vacaria | Vale do Sol | Vale Real | +18
79%
I Ibarama | Ibiaçá | Ibiraiaras | +20
77%
F Fagundes Varela | Farroupilha | Faxinal do Soturno | +10
76%
R Redentora | Relvado | Restinga Sêca | +12
73%
L Lagoa Bonita do Sul | Lagoa dos Três Cantos | Lagoa Vermelha | +7
65%
U Ubiretama | União da Serra | Unistalda | Uruguaiana
65%
M Maçambará | Machadinho | Mampituba | +27
64%
X Xangri-lá
51%
D David Canabarro | Derrubadas | Dezesseis de Novembro | +10
50%
O Osório
50%
H Harmonia | Herval | Herveiras | +3
47%
J Jaboticaba | Jacuizinho | Jacutinga | +6
46%
Q Quaraí | Quatro Irmãos | Quevedos | Quinze de Novembro
43%
W Westfália
33%
Nenhum quiz correspondente encontrado
Distribuição das Pontuações
Porcentagem de Pessoas com Cada Pontuação
Percentil de Números Respondidos
Sua Pontuação Histórica
Você não jogou esse quiz